Statistics for Quarterback Career Path #1

Click here to take the quiz!

General Stats

  • This quiz has been taken 15 times
  • The average score is 13 of 15

Answer Stats

Career PathAnswer% Correct
TCU, Bengals, Cowboys, Bears, Saints, PanthersAndy Dalton
100%
Florida, Blinn, Auburn, Panthers, Patriots, PanthersCam Newton
100%
Louisville, RavensLamar Jackson
100%
Tennessee, Colts, BroncosPeyton Manning
100%
NC State, Wisconsin, Seahawks, BroncosRussell Wilson
100%
Harvard, Rams, Bengals, Bills, Titans, Texans, Jets, Bucs, Dolphins, Football TeamRyan Fitzpatrick
92%
North Dakota State, 49ersTrey Lance
92%
Utah, 49ers, Chiefs, Football TeamAlex Smith
85%
Purdue, Chargers, SaintsDrew Brees
85%
Eastern Illinois, Patriots, 49ers, RaidersJimmy Garoppolo
85%
Pittsburgh, Delaware, Ravens, Broncos, Jets, Eagles, JetsJoe Flacco
85%
Pittsburgh, DolphinsDan Marino
77%
Notre Dame, 49ers, ChiefsJoe Montana
77%
Virginia Tech, Falcons, Eagles, Jets, SteelersMichael Vick
77%
NC State, Chargers, ColtsPhilip Rivers
77%

Score Distribution

Percentile by Number Answered

Percent of People with Each Score

Your Score History

You have not taken this quiz